L'Associazione familiare di fronte alla sfida educativa (Record n. 207901)

Dettagli MARC
000 -LEADER
campo di controllo lung. fissa 00556npc a2200205Ia 4500
001 - Numero di controllo
campo di controllo dg113-50133
003 - Identificatore del numero di controllo
campo di controllo IT-MiCISF
005 - Data e orario dell'ultima transazione
campo di controllo 20230320142420.0
008 - Elementi di lunghezza fissa--Informazione generale
campo di controllo lung. fissa 161014s9999||||xx | und||
040 ## - Fonte della catalogazione
Agenzia catalografica originale IT-MiCISF
Agenzia che fa la trascrizione IT-MiCISF
041 ## - Codice di lingua
Codice di lingua del testo/traccia sonora o titolo separato it
100 ## - Accesso principale -- nome di persona
Nome di persona Donati Pierpaolo
9 (RLIN) 56154
245 #0 - Formulazione del titolo
Titolo L'Associazione familiare di fronte alla sfida educativa
260 ## - Pubblicazione, distribuzione, ecc. (stampa)
Luogo di pubblicazione, distribuzione, ecc. Roma,
Nome dell'editore, distributore, ecc. Agesc,
Data di pubblicazione, distribuzione, ecc. 2011
300 ## - Descrizione fisica
Estensione pp. 36
500 ## - Nota generale
Nota generale educazione, società, famiglia, associazionismo
650 ## - Accesso aggiunto di soggetto--termine topico
Termine topico o nome geografico come accesso educazione
9 (RLIN) 56062
942 ## - Dati aggiuntivi (Koha)
Tipo copia default (Koha) DOCUMENTI
Fonte della classificazione o dello schema di collocazione (segnatura) Dewey Decimal Classification
999 ## - Sys Number locale (Koha)
Koha Dewey Subclass [OBSOLETE] si
Dati di copia
Ritirato (status) Perso (status) Danneggiato (status) Non per il presito Biblioteca proprietaria Biblioteca in cui si trova Data d'acquisizione Totale prestiti Collocazione Data ultima operazione Prezzo in vigore dal Tipo copia default (Koha) Nota pubblica
    Buone Condizioni Not For Loan CISF - Milano CISF - Milano 14/10/2016   dg113-50133 14/10/2016 14/10/2016 DOCUMENTI Data import 15.10.2016 / by Epidotti, Vaglietti
CREDITS: SOCIETA' SAN PAOLO Via A.Severo, 58 - ROMA (RM) & PERIODICI SAN PAOLO SRL Via Giotto, 36 MILANO & CISF Via Giotto, 36 MILANO & EDIZIONI SAN PAOLO SRL,  Piazza Soncino, 5 CINISELLO BALSAMO (MI) -- ITALY